Kódovanie/dekódovanie Reed Solomonových kódov na interaktívnom webe

Saved in:
Bibliographic Details
Main Author: Lacko, Martin (Author)
Other Authors: Grellneth, Igor, 1967- (xxx)
Format: Manuscript Book
Language:Slovak
Published: Bratislava : STU v Bratislave FIIT, 2004
Subjects:
Tags: Add Tag
No Tags, Be the first to tag this record!

MARC

LEADER 00000ntm a22000003a 4500
001 stu140054
005 20160720142928.7
008 070416s2004----xo------------------slo-d
040 |a STU  |b slo 
041 0 |a slo 
044 |a xo 
100 1 |a Lacko, Martin  |4 aut 
245 1 |a Kódovanie/dekódovanie Reed Solomonových kódov na interaktívnom webe 
260 |a Bratislava :  |b STU v Bratislave FIIT,  |c 2004 
300 |a 58 s 
650 7 |a informatika  |2 stusub 
700 1 |a Grellneth, Igor,  |d 1967-  |4 xxx  |u I100  |U FIIT Fakulta informatiky a informačných technológií  |T FIIT Ústav počítačových systémov a sietí  |X 1996  |U I100  |Y 178  |7 A000001996 
996 |b IDP60/04  |c I*DP60/04  |l II680  |s A  |a 24  |w stu140054_0001